Peinture et société: naissance et destruction d'un espace plastique de la Renaissance au Cubisme

Պահպանված է:
Մատենագիտական մանրամասներ
Հիմնական հեղինակ: Francastel, Pierre (Հեղինակ)
Ձևաչափ: Գիրք
Լեզու:ֆրանսերեն
Հրապարակվել է: París Gallimard 1965
Շարք:Idées-Arts
Խորագրեր:
Ցուցիչներ: Ավելացրեք ցուցիչ
Չկան պիտակներ, Եղեք առաջինը, ով նշում է այս գրառումը!

MARC

LEADER 00000nam a2200000 a 4500
001 UCP3238
003 CL-VaPUC
008 990611e19650000FR |||||||||||||||||fre|d
082 0 4 |a 759  |b FRA  |2 21 
100 0 |a Francastel, Pierre  |e author  |9 430414 
245 1 0 |a Peinture et société: naissance et destruction d'un espace plastique de la Renaissance au Cubisme 
300 |a 246 p 
942 |c BK 
945 |d 19990611 00:00:00  |a lriquelm 
260 |a París  |b Gallimard  |c 1965 
650 7 |a PINTURA HISTORIA  |2 CL-VaPUC  |9 265594 
650 0 |a Cubismo  |9 265275 
650 0 |a Pintura renacentista  |9 266314 
583 |a last modification  |c 19990611 00:00:00  |k Rodrigo Vera 
490 0 |a Idées-Arts 
999 |c 281617  |d 281615 
952 |0 0  |1 0  |4 0  |6 759_000000000000000_FRA_1965  |7 0  |8 A  |9 322492  |a BIBHIS  |b BIBHIS  |d 2019-11-20  |i 1361899  |o 759 FRA 1965  |p 1361899  |r 2025-01-20  |w 2019-11-20  |y BK  |k HIS